| 000 | 01046nam a22003017a 4500 | ||
|---|---|---|---|
| 001 | 2037 | ||
| 003 | FISKH | ||
| 005 | 20231101135003.0 | ||
| 008 | 231101b cb ||||| |||| 00| 0 eng d | ||
| 020 | _a9780439689861 | ||
| 020 | _a0439689861 | ||
| 040 |
_aFISKH _beng _cFISKH _dFISKH |
||
| 082 | _a636.7 | ||
| 100 | _aHelbrough, Emma | ||
| 245 |
_aDogs / _cEmma Helbrough ; Designed by Josephine Thompson ; illustrated by Patrizia Doaera and Uwe Mayer ; Dog consultant : Emma Milne ; Reading consultant : Alison Kelly ; Roehampton University of Surrey. |
||
| 260 |
_aLondon : _bScholastic, _c2003. |
||
| 300 |
_a32 pages : _bcolor illustrations ; _c21 cm |
||
| 505 | _aG | ||
| 520 | _aFind the answers to a variety of questions about the curious world of cats. | ||
| 521 | 8 |
_a410
_bLexile estimate |
|
| 521 | 8 |
_aG
_bRaz-Plus |
|
| 650 |
_aDogs _vNonfiction |
||
| 650 | _aDifferent dogs | ||
| 650 | _aAnimal | ||
| 700 |
_aDonaera, Patrizia _eillustrator |
||
| 700 |
_aMayer, Uwe _eillustrator |
||
| 942 |
_2ddc _cBK _n0 |
||
| 999 |
_c2037 _d2037 |
||